Faculty of Law Library — Cairo University

Official Online Catalog

المجلة العربية للدراسات الأمنية. (Record no. 71720)

MARC details
000 -LEADER
fixed length control field 01099nas a2200241 i 4500
005 - DATE AND TIME OF LATEST TRANSACTION
control field 20260419075113.0
008 - FIXED-LENGTH DATA ELEMENTS--GENERAL INFORMATION
fixed length control field 260419d su tr|j| |||| 00| 0 ara d
040 ## - CATALOGING SOURCE
Original cataloging agency EG-GICUC
Transcribing agency EG-GICUC
Modifying agency EG-GICUC
Description conventions rda
082 04 - DEWEY DECIMAL CLASSIFICATION NUMBER
Classification number 343،0531
Edition information 21
245 02 - TITLE STATEMENT
Title المجلة العربية للدراسات الأمنية.
Number of part/section of a work المجلد العشرون - العدد التاسع والثلاثون.
264 01 - PRODUCTION, PUBLICATION, DISTRIBUTION, MANUFACTURE, AND COPYRIGHT NOTICE
Place of production, publication, distribution, manufacture الرياض :
Name of producer, publisher, distributor, manufacturer جامعة نايف العربية للعلوم الأمنية،
Date of production, publication, distribution, manufacture, or copyright notice 2005 -
300 ## - PHYSICAL DESCRIPTION
Extent مجلد ؛
Dimensions 26 سم.
336 ## - CONTENT TYPE
Source rda content
Content type term Text
337 ## - MEDIA TYPE
Source rda media
Media type term unmediated
338 ## - CARRIER TYPE
Source rda carrier
Carrier type term volume
362 0# - DATES OF PUBLICATION AND/OR SEQUENTIAL DESIGNATION
Dates of publication and/or sequential designation .
500 ## - GENERAL NOTE
General note تعني بنشر البحوث في العلوم الجنائية والاجتماعية والنفسية والإستراتيجية والإدارية والتشريعية ذات العلاقة بالأمن بمفهومه الشامل.
500 ## - GENERAL NOTE
General note فبراير 2005.
650 ## - SUBJECT ADDED ENTRY--TOPICAL TERM
Topical term or geographic name entry element القانون الجنائي
Form subdivision دوريات
856 ## - ELECTRONIC LOCATION AND ACCESS
Uniform Resource Identifier <a href="https://fll.law.cu.edu.eg/fulltext/cr/S10-00544.pdf">https://fll.law.cu.edu.eg/fulltext/cr/S10-00544.pdf</a>
905 ## - Cataloger
Cataloger name Nourhan Saeed
942 ## - ADDED ENTRY ELEMENTS (KOHA)
Source of classification or shelving scheme Dewey Decimal Classification
Koha item type Continuing Resources
Suppress in OPAC No
Holdings
Withdrawn status Lost status Source of classification or shelving scheme Damaged status Not for loan Collection Home library Current library Date acquired Total checkouts Barcode Date last seen Copy number Price effective from Koha item type
    Dewey Decimal Classification     القانون الجنائي جــــامعة القــاهرة مكتبة كلية الحقوق - المبنى الرئيسي 19.04.2026   S10-00544 19.04.2026 1 19.04.2026 Continuing Resources

© All rights reserved — Faculty of Law, Cairo University